00841nam a2200193 a 450000100100000000500170001000800410002702000150006804000250008324500940010826000720020230000210027449000390029550000730033471000720040783000460047995201050052599900170063000004170220201002035716.0131018s1991 sp 000 0 spa d a8400071603 aDO-SdBNPbspacBNPHU03aHelánico de Lesbos :bfragmentos /cedición y traducción José J. Caerols Pérez. aMadrid :bConsejo Superior de Investigación Científicas,c1991. a301 p. ;c25 cm.1 aManuales y anejos de Eméritav39 aIncluye referencias bibliográficas y notas al pie de las páginas2 aConsejo Superior de Investigación Científicas (España)964047 0aManuales y anejos de Eméritav39963832 001050718MOaGRbGRcCTd2013-10-16iLF1l0o p41702-10r2020-06-25w2020-06-25y1ZNo se presta c41191d41191